| 000 | 00642nam a2200205 c 4500 | ||
|---|---|---|---|
| 001 | a5245688 | ||
| 003 | CO-ViMGA | ||
| 005 | 20230915225027.0 | ||
| 008 | 120806s2012 sp a | |||| 001 0 spa | ||
| 020 | _a9788493945060 | ||
| 040 |
_aCO-ViMGA _bspa _cCO-ViMGA |
||
| 082 | 0 | 4 |
_aMEVIGAPOR.378 _bC17s |
| 100 | 1 |
_aCarballar Falcon, José Antonio _9316 |
|
| 245 | 1 | 0 |
_aSocial media : _bmarketing personal y profesional _cJosé Antonio Carballar Falcón |
| 260 |
_aSan Fernando de Henares, Madrid _bRC Libros _cD.L. 2012 |
||
| 300 |
_aXI, VIII, 240 p. _bil., graf.. _c24 cm |
||
| 500 | _aIndice | ||
| 650 | 1 | 7 |
_aWeb 2.0 _2embne _9992 |
| 942 |
_2ddc _cBK |
||
| 999 |
_c12167 _d12167 |
||